| 000 | 00825pam a2200277 i 4500 | ||
|---|---|---|---|
| 001 | 6046 | ||
| 003 | BD-RjUL | ||
| 005 | 20211208234156.0 | ||
| 008 | 140108r19821981mnua 001 0 eng d | ||
| 020 | _a0829903925 | ||
| 035 | _a(BD-RjUL)6085 | ||
| 040 |
_aDLC _cDLC _dDLC _dBD-RjUL _beng |
||
| 041 | _aeng | ||
| 082 | 0 | 0 |
_a001.64 _219 _bMAP 1982 |
| 100 | 1 |
_aMandell, Steven L. _919013 |
|
| 245 | 1 | 0 |
_aPrinciples of data processing / _cby Steven L. Mandell. |
| 250 | _a2d. ed. | ||
| 260 |
_aSt. Paul : _bWest Pub. Co., _cc1981 [reprinted 1982]. |
||
| 300 |
_ax, 149 p. : _bill. ; _c25 cm. |
||
| 504 | _aIncludes index. | ||
| 650 | 0 |
_aElectronic data processing. _919015 |
|
| 942 |
_2ddc _cBK |
||
| 999 |
_c6046 _d6046 |
||